Duchovné predpoklady novej Európy (1)

Bibliographic Details
Main Author: Hlinka, Anton, 1926-2011 (Author)
Format: Article
Language:Slovak
Subjects:

MARC

LEADER 00000nab a2200000 a 4500
001 vtls000395450
003 SK-MaSNL
005 20260304033025.0
008 111202c1990 xo 0 slo
015 |a SNBRB19rr/mm-uuuuu 
035 |a CL0395574 
040 |a SNKBUCL  |b slo  |c SNKBUCL  |e AACR2 
041 0 |a slo 
044 |a xo  |c SK 
080 |a 23/28(4)  |2 1981 
100 1 |a Hlinka, Anton,  |d 1926-2011  |4 aut  |9 92283 
245 1 0 |a Duchovné predpoklady novej Európy (1)  |c Anton Hlinka 
500 |a /Začiatok./ 
650 0 7 |a kresťanstvo  |2 snkbucl  |9 2024 
651 7 |a Európa  |2 snkbucl  |9 167569 
655 7 |a články z novín a časopisov  |2 snkbucl  |9 267496 
773 0 |t Katolícke noviny  |g Roč. 141, č. 34 (1990), s. 1, 6 
850 |a Slovenská národná knižnica v Martine  |a MTA001 
852 |a SNK  |b KIS3GCP 
958 |a RK 
992 |a RBX 
999 |c 2646191  |d 2648121